000
003260000a22001570004500
001
003720
003
MACL
040
_a
MACL
090
_c
15713
_d
15712
100
_a
Roy, M.N.
245
_a
New Humanism
_b
A Manifesto
_c
M.N. Roy
260
_a
Renaissance,
_c
1947
350
_a
20
650
_a
Philosophy
942
_k
144
_c
Book
999
_c
15614
_d
15614